Acteurs ayant joué dans Bienvenue Chez Les Ch'tis - Statistiques

Statistiques générales
  • Ce quiz a été pris 43 fois
  • Le résultat moyen est 6 sur 15
Answers on the Grid
Answers color-coded by a green-red scale on the quiz's grid according to % correct below.
Kad Merad
Dany Boon
Line Renaud
Zoe Felix
Philippe Duquesne
Guy Lecluyse
Anne Marivin
Michel Galabru
Jérôme Commandeur
Patrick Bosso
Fred Personne
Jean-Christophe Herbert
Stéphane Freiss
Benoit Poelvoorde
Julie Bernard
Bouli Lanners
François Damiens
Bruno Lochet
Jean-Paul Rouve
Laurence Arné
Valérie Bonneton
François Blérand
Pierre Richard
Jérome Seydoux
Christophe Rossignon
 
Statistiques - réponses
Réponse % Correct
Dany Boon
82%
Line Renaud
79%
Kad Merad
76%
Michel Galabru
61%
Guy Lecluyse
39%
Jérôme Commandeur
39%
Zoe Felix
39%
Anne Marivin
36%
Patrick Bosso
36%
Philippe Duquesne
36%
Christophe Rossignon
18%
Fred Personne
18%
Stéphane Freiss
15%
Jean-Christophe Herbert
12%
Jérome Seydoux
9%
Aucun quiz correspondant
Distribution des résultats
% des personnes avec chaque résultat
Percentile par nombre de réponses
Votre historique - résultats
Vous n’avez pas pris ce quiz